Možnosti prípravy nitrofenylglykozidov kombináciou chemických a enzymatických postupov diplomová práca

Salvato in:
Dettagli Bibliografici
Autore principale: Krompaková, Simona
Natura: Libro
Lingua:inglese
Pubblicazione: Bratislava STU FCHPT 2015
Accesso online:Visualizza in OPAC
Tags: Aggiungi Tag
Nessun Tag, puoi essere il primo ad aggiungerne!!

MARC

LEADER 00000nam a2200000 a 4500
005 20260127134039.0
008 151208 000 0 eng d
035 |a vtls011426803 
039 9 |y 201512081314  |z mschk03 
040 |a STUSCHK1  |b slo  |c STUSCHK1  |e AACR2 
100 1 |a Krompaková, Simona 
245 1 |a Možnosti prípravy nitrofenylglykozidov kombináciou chemických a enzymatických postupov  |b diplomová práca  |c Simona Kropmpaková 
260 |a Bratislava  |b STU FCHPT  |c 2015 
300 |a 78 s.  |b il.  |c 25 cm 
500 |a Študijný program: biotechnológia 
500 |a Študijný odbor: biotechnológie 
500 |a Školiace pracovisko: Odd. biochemickej technológie 
500 |a Evid. číslo: FCHPT-5421-44001 
910 |a SCHK95 
999 |c 2826  |d 2826